Formule 1 - Quiz écurie : Alpine/Renault - Statistiques

Statistiques générales
  • Ce quiz a été pris 160 fois
    88 depuis la dernière actualisation
  • Le résultat moyen est 25 sur 52
Statistiques - réponses
Hint Réponse % Correct
Tous les pilotes Depuis 2023 Pierre Gasly
96%
Tous les pilotes 2020-2024 Esteban Ocon
93%
Champion du monde pilote 1er titre (pilote) Fernando Alonso
93%
Champion du monde pilote 2e titre (pilote) Fernando Alonso
93%
Tous les pilotes 2003-2006, 2008-2009, 2021-2022 Fernando Alonso
93%
Tous les pilotes Depuis 2025 Franco Colapinto
91%
Champion du monde constructeur Nombre de titres 2
90%
Champion du monde pilote Nombre de titres 2
90%
Histoire Couleur Bleu
87%
Histoire Pays d'origine France
87%
Champion du monde constructeur 1er titre (année) 2005
84%
Champion du monde pilote 1er titre (année) 2005
84%
Champion du monde constructeur 2e titre (année) 2006
84%
Champion du monde pilote 2e titre (année) 2006
84%
Tous les pilotes 2025 Jack Doohan
84%
Tous les pilotes 2019-2020 Daniel Ricciardo
76%
Histoire Nom Complet (2010) Renault F1 Team
67%
Histoire Nom Complet (2019) Renault F1 Team
67%
Histoire Nom Complet (2021) Alpine F1 Team
63%
Tous les pilotes 2017-2019 Nico Hulkenberg
63%
Tous les pilotes 2017-2018 Carlos Sainz Jr.
61%
Tous les pilotes 1981-1983 Alain Prost
54%
Histoire Nom Complet (aujourd'hui) BWT Alpine F1 Team
52%
Histoire Première année de F1 1977
51%
Histoire Directeur Flavio Briatore
51%
Tous les pilotes 2005-2007 Giancarlo Fisichella
39%
Tous les pilotes 2008-2009 Nelson Piquet Jr.
39%
Tous les pilotes 2009 Romain Grosjean
37%
Tous les pilotes 2016-2017 Kevin Magnussen
33%
Tous les pilotes 2010 Robert Kubica
33%
Tous les pilotes 2011 Bruno Senna
31%
Tous les pilotes 2004 Jacques Villeneuve
31%
Tous les pilotes 2002-2004 Jarno Trulli
30%
Tous les pilotes 2002 Jenson Button
28%
Tous les pilotes 1977-1980 Jean-Pierre Jabouille
27%
Tous les pilotes 2010-2011 Vitaly Petrov
27%
Tous les pilotes 2016-2017 Jolyon Palmer
25%
Tous les pilotes 1979-1982 René Arnoux
25%
Tous les pilotes 2007 Heikki Kovalainen
21%
Tous les pilotes 1984-1985 Patrick Tambay
18%
Tous les pilotes 2011 Nick Heidfeld
16%
Histoire Nom Complet (2007-2009) ING Renault F1 Team
12%
Tous les pilotes 1983 Eddie Cheever
10%
Histoire Fondateur Jean Rédélé
9%
Histoire Nom Complet (2002-2006) Mild Seven Renault F1 Team
9%
Tous les pilotes 1984-1985 Derek Warwick
7%
Tous les pilotes 1984 Philippe Streiff
7%
Histoire Nom Complet (2020) Renault DP World F1 Team
7%
Histoire Nom Complet (1977-1985) Équipe Renault Elf
6%
Histoire Nom Complet (2011) Lotus Renault GP
6%
Histoire Nom Complet (2016-2018) Renault Sport Formula One Team
6%
Histoire Président Philippe Krief
3%
Aucun quiz correspondant
Distribution des résultats
% des personnes avec chaque résultat
Percentile par nombre de réponses
Votre historique - résultats
Vous n’avez pas pris ce quiz depuis la dernière actualisation